Численный анализ влияния температурного перепада на режимы переноса энергии в замкнутом двухфазном цилиндрическом термосифоне; Известия Томского политехнического университета [Известия ТПУ]; Т. 317, № 4: Энергетика
| Parent link: | Известия Томского политехнического университета [Известия ТПУ]/ Томский политехнический университет (ТПУ).— , 2000- Т. 317, № 4: Энергетика.— 2010.— [С. 13-19] |
|---|---|
| Glavni avtor: | |
| Drugi avtorji: | , |
| Izvleček: | Заглавие с титульного листа Электронная версия печатной публикации Проведено математическое моделирование тепловых режимов замкнутого двухфазного термосифона при изменении перепада температур на внешних границах устройства. Краевая задача математической физики сформулирована на основе законов сохранения массы, импульса и энергии в безразмерных переменных "функция тока - вектор завихренности скорости - температура" в цилиндрических координатах. Получены распределения линий тока, поля скорости и температуры, отражающие масштабы влияния числа Рэлея на термогидродинамические режимы. |
| Jezik: | ruščina |
| Izdano: |
2010
|
| Serija: | Энергетика |
| Teme: | |
| Online dostop: | http://www.lib.tpu.ru/fulltext/v/Bulletin_TPU/2010/v317/i4/03.pdf |
| Format: | MixedMaterials Elektronski Book Chapter |
| KOHA link: | https://koha.lib.tpu.ru/cgi-bin/koha/opac-detail.pl?biblionumber=192694 |
MARC
| LEADER | 00000nla2a2200000 4500 | ||
|---|---|---|---|
| 001 | 192694 | ||
| 005 | 20240117131123.0 | ||
| 035 | |a (RuTPU)RU\TPU\book\210118 | ||
| 035 | |a RU\TPU\book\210115 | ||
| 090 | |a 192694 | ||
| 100 | |a 20110305d2010 k y0rusy50 ca | ||
| 101 | 0 | |a rus | |
| 102 | |a RU | ||
| 135 | |a drnn ---uucaa | ||
| 181 | 0 | |a i | |
| 182 | 0 | |a b | |
| 200 | 1 | |a Численный анализ влияния температурного перепада на режимы переноса энергии в замкнутом двухфазном цилиндрическом термосифоне |f Г. В. Кузнецов, Аль-Ани Мааз Абдулвахед Зиб, М. А. Шеремет | |
| 203 | |a Текст |c электронный | ||
| 215 | |a 1 файл (2.2 Мб) | ||
| 225 | 1 | |a Энергетика | |
| 300 | |a Заглавие с титульного листа | ||
| 300 | |a Электронная версия печатной публикации | ||
| 320 | |a [Библиогр.: с. 19 (7 назв.)] | ||
| 330 | |a Проведено математическое моделирование тепловых режимов замкнутого двухфазного термосифона при изменении перепада температур на внешних границах устройства. Краевая задача математической физики сформулирована на основе законов сохранения массы, импульса и энергии в безразмерных переменных "функция тока - вектор завихренности скорости - температура" в цилиндрических координатах. Получены распределения линий тока, поля скорости и температуры, отражающие масштабы влияния числа Рэлея на термогидродинамические режимы. | ||
| 337 | |a Adobe Reader | ||
| 461 | 1 | |0 (RuTPU)RU\TPU\book\176237 |t Известия Томского политехнического университета [Известия ТПУ] |f Томский политехнический университет (ТПУ) |d 2000- | |
| 463 | 1 | |0 (RuTPU)RU\TPU\book\210108 |t Т. 317, № 4: Энергетика |v [С. 13-19] |d 2010 |p 196 с. | |
| 610 | 1 | |a замкнутые двухфазные термосифоны | |
| 610 | 1 | |a естественная конвекция | |
| 610 | 1 | |a сопряженный теплоперенос | |
| 610 | 1 | |a цилиндрические координаты | |
| 610 | 1 | |a испарение | |
| 610 | 1 | |a конденсация | |
| 610 | 1 | |a труды учёных ТПУ | |
| 610 | 1 | |a электронный ресурс | |
| 700 | 1 | |a Кузнецов |b Г. В. |c специалист в области теплоэнергетики |c профессор Томского политехнического университета, доктор физико-математических наук |f 1949- |g Гений Владимирович |3 (RuTPU)RU\TPU\pers\25528 |9 11458 | |
| 701 | 0 | |a Аль-Ани Мааз Абдулвахед Зиб |c иракский теплофизик |c аспирант Томского политехнического университета |f 1975- |3 (RuTPU)RU\TPU\pers\27979 |9 12969 | |
| 701 | 1 | |a Шеремет |b М. А. |c физик |c профессор Томского политехнического университета, доктор физико-математических наук |f 1983- |g Михаил Александрович |3 (RuTPU)RU\TPU\pers\28001 |9 12990 | |
| 801 | 1 | |a RU |b 63413507 |c 20090623 |g PSBO | |
| 801 | 2 | |a RU |b 63413507 |c 20211223 |g PSBO | |
| 856 | 4 | |u http://www.lib.tpu.ru/fulltext/v/Bulletin_TPU/2010/v317/i4/03.pdf | |
| 942 | |c CF | ||